Name an English Football Team A-Z - Statistics

General Stats
  • This quiz has been taken 512 times
  • The average score is 16 of 19
Answer Stats
Letter Team % Correct
A Arsenal, Aston Villa, AFC Wimbledon...
99%
B Bournemouth, Brighton & Hove Albion, Burnley...
99%
C Chelsea, Crystal Palace, Cardiff City...
98%
M Manchester City, Manchester United, Middlesbrough...
97%
L Leicester City, Liverpool, Leeds United...
96%
N Newcastle United, Norwich City, Nottingham Forest...
91%
S Sheffield United, Southampton, Sheffield Wednesday...
90%
W Watford, West Ham United, Wolverhampton Wanderers...
89%
Q Queens Park Rangers
86%
E Everton, Exeter City
83%
T Tottenham Hotspur, Tranmere Rovers
83%
P Preston North End, Portsmouth, Plymouth Argyle...
81%
F Fulham, Fleetwood Town, Forest Green Rovers
77%
D Derby County, Doncaster Rovers
75%
I Ipswich Town
72%
O Oxford United, Oldham Athletic
72%
H Huddersfield Town, Hull City
66%
R Reading, Rochdale, Rotherham United
64%
G Gillingham, Grimsby Town
50%
No matching quizzes found
Score Distribution
Percent of People with Each Score
Percentile by Number Answered
Your Score History
You have not taken this quiz